Géographie de l'Afrique par lettre - J - Statistiques

Statistiques générales
  • Ce quiz a été pris 142 fois
  • Le résultat moyen est 3 sur 8
Statistiques - réponses
Indice Réponse % Correct
Immense ville d'Afrique du Sud, souvent confondue pour capitale Johannesburg
98%
Pays asiatique manquant d'être frontalier de l'Égypte par seulement 8 kilomètres Jordanie
98%
Couleur des branches d'olivier sur le drapeau de l'Érythrée Jaune
94%
Ville du Nigeria, en 3 lettres Jos
8%
Fleuve de 1600 km de long, traversant l'Éthiopie et la Somalie et se jetant dans l'océan Indien Jubba
2%
Groupe ethnique du nord du Maroc, regroupant environ 3 millions de personnes Jbala
1%
Région autonome somalienne, ayant pour plus grande ville Kismaayo Jubaland
1%
Ancien royaume dans l'actuelle Éthiopie, partageant son nom avec une ville de plus de 200 000 habitants Royaume de {Jimma}
1%
Aucun quiz correspondant
Distribution des résultats
% des personnes avec chaque résultat
Percentile par nombre de réponses
Votre historique - résultats
Vous n’avez pas pris ce quiz